Advanced thermodynamics for engineers / (Record no. 355989)

000 -LEADER
fixed length control field 01406cam a2200361 i 4500
001 - CONTROL NUMBER
control field 11637544
003 - CONTROL NUMBER IDENTIFIER
control field USPCAS-E
005 - DATE AND TIME OF LATEST TRANSACTION
control field 20180118181420.0
006 - FIXED-LENGTH DATA ELEMENTS--ADDITIONAL MATERIAL CHARACTERISTICS
fixed length control field m d
007 - PHYSICAL DESCRIPTION FIXED FIELD--GENERAL INFORMATION
fixed length control field cr n
008 - FIXED-LENGTH DATA ELEMENTS--GENERAL INFORMATION
fixed length control field 150218t20152015enka sb 001 0 eng d
020 ## - INTERNATIONAL STANDARD BOOK NUMBER
International Standard Book Number 9780444633736
020 ## - INTERNATIONAL STANDARD BOOK NUMBER
International Standard Book Number 9780080999838
035 ## - SYSTEM CONTROL NUMBER
System control number (WaSeSS)ssj0001466833
040 ## - CATALOGING SOURCE
Original cataloging agency CaPaEBR
Language of cataloging eng
Description conventions rda
-- pn
Transcribing agency CaPaEBR
Modifying agency WaSeSS
050 #4 - LIBRARY OF CONGRESS CALL NUMBER
Classification number TJ265
Item number .W568 2015eb
082 04 - DEWEY DECIMAL CLASSIFICATION NUMBER
Classification number 621.4021
Edition number 23
Author Mark WIN-A 2015
100 1# - MAIN ENTRY--PERSONAL NAME
Personal name Winterbone, D. E.,
Relator term author.
210 10 - ABBREVIATED TITLE
Abbreviated title Advanced thermodynamics for engineers /
245 10 - TITLE STATEMENT
Title Advanced thermodynamics for engineers /
Statement of responsibility, etc. Desmond E. Winterbone, Ali Turan.
250 ## - EDITION STATEMENT
Edition statement Second edition.
502 ## - DISSERTATION NOTE
Dissertation note .
504 ## - BIBLIOGRAPHY, ETC. NOTE
Bibliography, etc. note Includes bibliographical references and index.
506 ## - RESTRICTIONS ON ACCESS NOTE
Terms governing access License restrictions may limit access.
650 #0 - SUBJECT ADDED ENTRY--TOPICAL TERM
Topical term or geographic name entry element Thermodynamics.
655 #0 - INDEX TERM--GENRE/FORM
Genre/form data or focus term Electronic books.
700 1# - ADDED ENTRY--PERSONAL NAME
Personal name Turan, Ali,
Relator term author.
773 #0 - HOST ITEM ENTRY
Title eBook - Engineering 2015 [EBCE15]
776 08 - ADDITIONAL PHYSICAL FORM ENTRY
Relationship information Print version:
Main entry heading Winterbone, Desmond E.
Title Advanced thermodynamics for engineers.
Edition Second edition.
Place, publisher, and date of publication Oxford, [England] ; Waltham, Massachusetts : Butterworth-Heinemann, c2015
Physical description xxvi, 551 pages
International Standard Book Number 9780444633736
856 40 - ELECTRONIC LOCATION AND ACCESS
Uniform Resource Identifier <a href="http://www.columbia.edu/cgi-bin/cul/resolve?clio11637544">http://www.columbia.edu/cgi-bin/cul/resolve?clio11637544</a>
Public note Full text available from eBook - Engineering 2015 [EBCE15]
910 ## - USER-OPTION DATA (OCLC)
User-option data Vendor-generated brief record
942 ## - ADDED ENTRY ELEMENTS (KOHA)
Source of classification or shelving scheme
Koha item type Book
Holdings
Withdrawn status Lost status Source of classification or shelving scheme Damaged status Not for loan Collection code Permanent Location Current Location Shelving location Date acquired Source of acquisition Cost, normal purchase price Total Checkouts Full call number Barcode Date last seen Date last checked out Price effective from Koha item type Copy number
            US-Pakistan Center for Advanced Studies in Energy (USPCAS-E) US-Pakistan Center for Advanced Studies in Energy (USPCAS-E)   01/28/2016 Golden books 13400.00 1 621.4021 WIN-A 2015 CAS-E0001431 01/16/2017 01/16/2017 01/28/2016 Book  
            US-Pakistan Center for Advanced Studies in Energy (USPCAS-E) US-Pakistan Center for Advanced Studies in Energy (USPCAS-E)   01/28/2016 Golden books 13400.00   621.4021 WIN-A 2015 CAS-E0001432 01/28/2016   01/28/2016 Book C-2
            US-Pakistan Center for Advanced Studies in Energy (USPCAS-E) US-Pakistan Center for Advanced Studies in Energy (USPCAS-E)   01/28/2016 Golden books 13400.00   621.4021 WIN-A 2015 CAS-E0001433 01/28/2016   01/28/2016 Book C-3
© 2023 Central Library, National University of Sciences and Technology. All Rights Reserved.